000 01063nam0a22003251 4500
001 v19\rc\1840078
005 20230119113910.0
035 _a(NLR Aleph) 004933787
090 _a5707805
_c5707805
100 _a20071224d1908 |||y0rusy50 ca
101 0 _arus
102 _aRU
105 _aa z |||||
200 1 _aНачала теоретической механики
_eДля ст. классов среднеучеб. заведений
_fА.П. Постников
210 _aМосква
_cВ.С. Спиридонов
_d1908
215 _a95 с., 50 черт.
_d22
532 1 3 _aНачала теоретической механики
700 1 _aПостников
_bА. П.
_f1852-
_gАлександр Петрович
801 0 _aRU
_bNLR
_gpsbo
801 0 _aRU
_bRuMoRGB
_2psbo
801 1 _aRU
_bProSoft-M
_2rusmarc
852 _aNLR
_j34.85.5.828
899 _aRuMoRGB
_jU 8/58
899 _aRuMoRGB
_jU 202/631
899 _aБАН
899 _aНБ СПбГУ
899 _aНБ МГУ
942 _cBOOK
980 _aNB